|
|
|
|
| LEADER |
00000nam0a2200000 4500 |
| 001 |
277562 |
| 005 |
20231101235028.0 |
| 035 |
|
|
|a (RuTPU)RU\TPU\book\300838
|
| 090 |
|
|
|a 277562
|
| 100 |
|
|
|a 20141204d1985 k y0rusy50 ca
|
| 101 |
0 |
|
|a rus
|
| 102 |
|
|
|a BY
|
| 105 |
|
|
|a a z 001zy
|
| 200 |
1 |
|
|a Физическая газодинамика: экспериментальное моделирование и диагностика
|e сборник научных трудов
|f Академия наук Белорусской ССР (АН БССР), Институт тепло- и массообмена им. А. В. Лыкова (ИТМО)
|
| 210 |
|
|
|a Минск
|c [Б. и.]
|d 1985
|
| 215 |
|
|
|a 164 с.
|c ил.
|
| 320 |
|
|
|a Библиография в конце статей
|
| 606 |
1 |
|
|a Газовая динамика, прикладная
|x (физика)
|2 stltpush
|3 (RuTPU)RU\TPU\subj\4566
|9 32820
|
| 610 |
1 |
|
|a неравновесные условия
|
| 610 |
1 |
|
|a газодинамические течения
|
| 610 |
1 |
|
|a диагностика
|
| 610 |
1 |
|
|a высокие температуры
|
| 610 |
1 |
|
|a сопла
|
| 610 |
1 |
|
|a тела
|
| 610 |
1 |
|
|a обтекание тел
|
| 610 |
1 |
|
|a сверхзвуковые потоки
|
| 610 |
1 |
|
|a импульсные газодинамические установки
|
| 610 |
1 |
|
|a ударные трубы
|
| 610 |
1 |
|
|a физическая газодинамика
|
| 675 |
|
|
|a 533.6
|v 4
|
| 712 |
0 |
2 |
|a Академия наук Белорусской ССР (АН БССР)
|b Институт тепло- и массообмена им. А. В. Лыкова (ИТМО)
|c (Минск)
|2 stltpush
|3 (RuTPU)RU\TPU\col\11896
|
| 801 |
|
1 |
|a RU
|b 63413507
|c 20141204
|
| 801 |
|
2 |
|a RU
|b 63413507
|c 20170406
|g RCR
|
| 942 |
|
|
|c BK
|